000 00294nam a2200133Ia 4500
100 _aThatte/ V.N.
650 _aElectrical Engineering
942 _cBK
654 _aElectrical engg.
245 _aElectrical Engg.
260 _bVrinda pub.
_aJalgaon
_c1989
546 _aENGLISH
999 _c25877
_d25877